| 000 | 00751cam a22002533a 4500 | ||
|---|---|---|---|
| 001 | 1052 | ||
| 003 | PGUSA | ||
| 005 | 20140828082956.0 | ||
| 008 | 970901s1997||||xxu|||||s|||||000 | eng d | ||
| 040 |
_aPGUSA _beng |
||
| 042 | _adc | ||
| 050 | 4 | _aPZ | |
| 050 | 4 | _aE456 | |
| 100 | 1 | _aAmerican Tract Society | |
| 245 | 1 | 0 |
_aStep by Step; Or, Tidy's Way to Freedom _h[electronic resource] / _cAmerican Tract Society |
| 260 |
_bProject Gutenberg, _c1997 |
||
| 506 | _aPublic domain in the USA. | ||
| 516 | _aElectronic text | ||
| 653 | _aSlavery -- United States -- Religious aspects | ||
| 653 | _aSlaves -- United States -- Religious life | ||
| 830 | 0 |
_aProject Gutenberg _v1052 |
|
| 856 | 4 | 0 | _uhttp://www.gutenberg.org/ebooks/1052 |
| 942 | _cEB | ||
| 999 |
_c230403 _d230403 |
||